000 00716nam a2200253Ia 4500
001 36915
005 20240114001913.0
007 ta
008 070518s1915 g b000 u 465 u
040 _aCotton College,Assam
041 _a465
082 _a940
_bF 745 B
100 _aForbes, Nevill.
245 0 _aThe Balkans: A History of Bulgaria, Serbia, Greece, Rumania, Turkey /
_cNevill Forbes, Arnold Toynbee.
_hTextual Documents
250 _a1st ed. /
260 _aOxford :
_bAt the Clarendon Press ,
_c1915.
300 _a407p. ;
_c22cm.
653 _aHistory-Europe
653 _aG-History
700 _aToynbee, Arnold .
942 _2ddc
_cBK
999 _c36897
_d36897